000 00303nam a22001097a 4500
008 160510b xxu||||| |||| 00| 0 eng d
020 _a0306311518
041 _aeng
080 _a61
245 _aThe woman patient medicaland psychological interfaces:
_cMalkah T.Notman; Carol C.Nadelson;
942 _2udc
_cBK
999 _c1996
_d1996